Statistics for Wayne's World Product Placement

Click here to take the quiz!

General Stats

  • This quiz has been taken 20 times
  • The average score is 4 of 5

Answer Stats

HintAnswer% Correct
Wayne enjoys a greasy slicePizza Hut
94%
"It's the choice of a generation"Pepsi
89%
Wayne crunches but resists licking his fingersDoritos
72%
Garth is decked out in gear, top to bottomReebok
72%
"Little, different, yellow"Nuprin
39%

Score Distribution

Percentile by Number Answered

Percent of People with Each Score

Your Score History

You have not taken this quiz